| 000 | 01330naa a22003977a 4500 | ||
|---|---|---|---|
| 001 | BR9400843 | ||
| 003 | BR-BrBNA | ||
| 005 | 20250721155431.0 | ||
| 007 | ta | ||
| 008 | 250630b bl.|||m| |||| 00| 0 por d | ||
| 040 |
_aBR-BrBNA _bpor _cBiblioteca Nacional de Agricultura |
||
| 041 | _a(Pt) | ||
| 072 |
_aF01; F30 _b0170 |
||
| 090 | _aF01 BR9400843 | ||
| 100 | 1 | _aCapelaro, A.L. | |
| 100 | 1 | _aRaupp, A.A.A. | |
| 100 | 1 | _aPorto, M.P. | |
| 100 | 1 | _aPetrini, J.A. | |
| 100 | 1 | _aBrancao, N. | |
| 100 | 1 | _aSoares, G.J. dos S. | |
| 100 | 1 | _aChielle, Z.G. | |
| 100 | 1 | _aZonta, E.P. | |
| 111 | 1 |
_a13. Reuniao Tecnica Anual do Sorgo _cPelotas, RS (Brazil) _d24-27 Jul 1984 |
|
| 245 | 1 | _aEnsaio Sul-Rio-Grandense de sorgo granifero - 1983/84 | |
| 500 | _aAnais da 13. Reuniao Tecnica Anual do Sorgo Pelotas, RS (Brasil): 1986. p. 149-156 (BR9400843-AMS) | ||
| 773 | 0 |
_tAnais da 13. Reuniao Tecnica Anual do Sorgo _wF01 BR9400843 _gPelotas, RS (Brasil), 1986. p. 149-156 |
|
| 650 | _aSorgo Granifero | ||
| 650 | _aVariedade | ||
| 650 | _aSemeadura | ||
| 650 | _aColheita | ||
| 650 | _aRendimento | ||
| 650 | _aRio Grande do Sul | ||
| 490 |
_aDocumentos - Centro de Pesquisa Agropecuaria de Terras Baixas de Clima Temperado (Brazil) _vno. 18 |
||
| 942 |
_cAMS _2AGRIS |
||
| 909 |
_a202506 _bLúcia _c55 _dLúcia Elande |
||
| 999 |
_c336467 _d336467 |
||